[Event "Open de Provence 2015 A"]
[Site "Salon de Provence"]
[Date "2015.07.04"]
[Round "2.14"]
[White "Jullien, Patrick"]
[Black "Baquer, Marc"]
[Result "1-0"]
[WhiteElo "1553"]
[BlackElo "1781"]
[PlyCount "109"]
[EventDate "2015.??.??"]

1. e4 e6 2. d4 d5 3. Nd2 Nf6 4. e5 Nfd7 5. Ngf3 c5 6. c3 Nc6 7. Bd3 cxd4 8.
cxd4 f6 9. exf6 Nxf6 10. O-O Bd6 11. Nb3 Qc7 12. Bg5 O-O 13. Rc1 h6 14. Bh4 Ne4
15. Qe2 Nf6 16. Bg3 Bf4 17. Rc2 Nh5 18. Nh4 Nxg3 19. hxg3 Bd6 20. Qg4 Rf6 21.
Qe2 g5 22. Nf3 Qg7 23. Ne5 Bxe5 24. dxe5 Rf7 25. f4 a5 26. Rcc1 a4 27. Nc5 Nd4
28. Qf2 Nf5 29. Bxf5 Rxf5 30. Nd3 gxf4 31. gxf4 b5 32. Qb6 Qg3 33. Rf3 Qh4 34.
Qxb5 Rf8 35. Rc7 Qg4 36. Kh2 Ba6 37. Qd7 Qh5+ 38. Rh3 Rf7 39. Rxh5 Rxd7 40.
Rxd7 Bxd3 41. Rxh6 Rb8 42. Rxe6 Bf5 43. Ree7 Bxd7 44. Rxd7 Rxb2 45. Rxd5 Rxa2
46. Ra5 Kf7 47. Kg3 a3 48. Kf3 Ra1 49. Ke4 a2 50. Kf5 Ke7 51. g4 Kf7 52. Ra7+
Ke8 53. g5 Kd8 54. g6 Rg1 55. Rxa2 1-0

[Event "Open de Provence 2015 A"]
[Site "Salon de Provence"]
[Date "2015.07.04"]
[Round "2.15"]
[White "Salvi, Michel"]
[Black "Fournier, Alain"]
[Result "1-0"]
[WhiteElo "1771"]
[BlackElo "1589"]
[PlyCount "51"]
[EventDate "2015.??.??"]

1. e4 d6 2. d4 Nf6 3. Bd3 e5 4. c3 Nbd7 5. Nf3 Be7 6. Nbd2 c6 7. Nf1 Nf8 8.
dxe5 Ng4 9. exd6 Bxd6 10. Ne3 Ng6 11. O-O Qc7 12. Nf5 Bxf5 13. exf5 Bxh2+ 14.
Kh1 O-O-O 15. Qa4 Nxf2+ 16. Rxf2 Rxd3 17. Nxh2 Qg3 18. Qxa7 Rd1+ 19. Nf1 Qd3
20. Kg1 Nf8 21. Qa8+ Kc7 22. Bf4+ Kb6 23. Rxd1 Qxd1 24. Be3+ Kc7 25. Rd2 Qg4
26. Qd8# 1-0

[Event "Open de Provence 2015 A"]
[Site "Salon de Provence"]
[Date "2015.07.04"]
[Round "2.16"]
[White "Porte, Jacques"]
[Black "Colandrea, Sauveur"]
[Result "0-1"]
[WhiteElo "1446"]
[BlackElo "1765"]
[PlyCount "72"]
[EventDate "2015.??.??"]

1. d4 f5 2. Nf3 Nf6 3. Nc3 d5 4. Bg5 Ne4 5. Nxe4 fxe4 6. Ne5 Nc6 7. Bf4 Bf5 8.
e3 a6 9. g4 Bg6 10. Nxg6 hxg6 11. h4 e6 12. g5 Bd6 13. Qg4 Qe7 14. O-O-O O-O-O
15. Bg2 Kb8 16. f3 exf3 17. Bxf3 e5 18. dxe5 Nxe5 19. Bxe5 Qxe5 20. Qd4 c6 21.
Qb6 Rde8 22. Rd3 Bc7 23. Qd4 Qg3 24. Be2 Qg2 25. Re1 Bg3 26. Bf1 Qf2 27. Red1
Be5 28. Qb6 Bc7 29. Qd4 Rxh4 30. Qxg7 Rh1 31. Qf6 Rf8 32. Qxf2 Rxf2 33. Be2
Rhh2 34. Bf1 Rxc2+ 35. Kb1 Rxb2+ 36. Kc1 Rhc2# 0-1

[Event "Open de Provence 2015 A"]
[Site "Salon de Provence"]
[Date "2015.07.04"]
[Round "2.17"]
[White "Duval, Jean-Pierre"]
[Black "Dhamelincourt, Thomas"]
[Result "1/2-1/2"]
[WhiteElo "1757"]
[BlackElo "1550"]
[PlyCount "90"]
[EventDate "2015.??.??"]

1. Nf3 d5 2. b3 Nc6 3. Bb2 f6 4. d4 Bg4 5. Nbd2 Qd6 6. e4 e5 7. exd5 Nxd4 8.
Bxd4 exd4 9. Qe2+ Qe7 10. Qxe7+ Nxe7 11. Bb5+ Bd7 12. Nxd4 Nxd5 13. c4 Nf4 14.
Bxd7+ Kxd7 15. O-O Re8 16. Rfe1 Bb4 17. N4f3 Rxe1+ 18. Rxe1 Bxd2 19. Nxd2 Re8
20. Rxe8 Kxe8 21. Ne4 b6 22. Kf1 Nd3 23. Nc3 c6 24. Ke2 Ne5 25. h3 Kd7 26. Ke3
Kd6 27. f4 Nd7 28. Ne4+ Ke6 29. g4 h6 30. Ng3 g6 31. f5+ Kf7 32. fxg6+ Kxg6 33.
Nf5 Kg5 34. Nd4 Ne5 35. Nf5 h5 36. Nd6 hxg4 37. Ne4+ Kh4 38. hxg4 Nxg4+ 39. Kf4
Ne5 40. Kf5 Nd3 41. Kxf6 Nc1 42. Nc3 a5 43. Ke6 b5 44. cxb5 cxb5 45. Nxb5 Nxa2
1/2-1/2

[Event "Open de Provence 2015 A"]
[Site "Salon de Provence"]
[Date "2015.07.04"]
[Round "3.1"]
[White "Petrossian, Armen"]
[Black "Barret, Simon"]
[Result "1-0"]
[WhiteElo "2419"]
[BlackElo "2161"]
[PlyCount "107"]
[EventDate "2015.??.??"]

1. e4 e6 2. d4 d5 3. Nc3 Nf6 4. Bg5 Bb4 5. e5 h6 6. exf6 hxg5 7. fxg7 Rg8 8. a3
Bd6 9. h4 gxh4 10. Qh5 Qf6 11. Nb5 Bd7 12. Nxd6+ cxd6 13. Qxh4 Qxg7 14. Rh3 Qf8
15. Rb3 Bc6 16. Nf3 Nd7 17. O-O-O Qe7 18. Qf4 O-O-O 19. Rc3 Kb8 20. Nd2 e5 21.
Qe3 f5 22. g3 Qf6 23. Nb3 Nb6 24. Na5 Bd7 25. Be2 Rc8 26. Rxc8+ Rxc8 27. f4 e4
28. Rh1 Rh8 29. Rxh8+ Qxh8 30. Qg1 Be6 31. Nb3 Qh3 32. Nd2 Nd7 33. Nf1 Nf6 34.
Qh2 Qxh2 35. Nxh2 Kc7 36. b3 Kd7 37. Nf1 Ke7 38. Ne3 Kf7 39. Kd2 Ke7 40. c4 Kd7
41. Kc3 Kc6 42. Bf1 Nh5 43. cxd5+ Bxd5 44. Nxf5 Be6 45. d5+ Bxd5 46. Ne7+ Kd7
47. Nxd5 Nxg3 48. Bh3+ Kc6 49. Ne7+ Kc5 50. b4+ Kb5 51. Bd7+ Kb6 52. Nd5+ Ka6
53. a4 b6 54. Bc8# 1-0

[Event "Open de Provence 2015 A"]
[Site "Salon de Provence"]
[Date "2015.07.04"]
[Round "3.2"]
[White "Chauvet, Vincent"]
[Black "Midoux, Sebastien"]
[Result "0-1"]
[WhiteElo "2146"]
[BlackElo "2316"]
[PlyCount "126"]
[EventDate "2015.??.??"]

1. d4 Nf6 2. c4 g6 3. Nc3 d5 4. Nf3 Bg7 5. Qb3 dxc4 6. Qxc4 O-O 7. e4 Be6 8. d5
Bc8 9. Bg5 c6 10. Rd1 cxd5 11. exd5 h6 12. Bf4 Ne8 13. Qb3 Nd7 14. Bb5 Nd6 15.
Be2 Qa5 16. O-O g5 17. Bd2 Nc5 18. Qc2 Bf5 19. Qc1 Rfc8 20. Qa1 Na4 21. Nxa4
Qxa4 22. Bc3 Bxc3 23. bxc3 Qc2 24. Nd4 Qxc3 25. Nxf5 Nxf5 26. Qb1 Nd6 27. Bg4
Rc4 28. h3 Rb4 29. Qc1 Qxc1 30. Rxc1 Rc4 31. Rce1 Kf8 32. Re3 Rd8 33. Rfe1 Rc7
34. h4 Nc4 35. Rf3 Kg7 36. hxg5 hxg5 37. g3 Nb6 38. Bh5 f6 39. Ra3 a6 40. Rb3
Nxd5 41. Reb1 b5 42. Bf3 Nb6 43. Re1 e5 44. Kg2 Rd2 45. Be4 Rd4 46. Bf5 Kf7 47.
Ra3 Na4 48. Rh1 Rc3 49. Rh7+ Ke8 50. Rb3 Rxb3 51. Rh8+ Ke7 52. Rh7+ Kd8 53.
axb3 Nc5 54. Rh8+ Kc7 55. Rc8+ Kb6 56. Rf8 Rd6 57. b4 Nb7 58. Be4 Nd8 59. Kf3
Nc6 60. Ke3 Nxb4 61. Rb8+ Kc5 62. Rc8+ Nc6 63. Ra8 Kb6 0-1

[Event "Open de Provence 2015 A"]
[Site "Salon de Provence"]
[Date "2015.07.04"]
[Round "3.3"]
[White "Benavides, Jeremy"]
[Black "Merenciano, Alexandre"]
[Result "1/2-1/2"]
[WhiteElo "1868"]
[BlackElo "2188"]
[PlyCount "72"]
[EventDate "2015.??.??"]

1. e4 e6 2. d4 d5 3. Nc3 Bb4 4. e5 c5 5. a3 Bxc3+ 6. bxc3 Qc7 7. Qg4 Ne7 8.
Qxg7 Rg8 9. Qxh7 cxd4 10. Ne2 Nbc6 11. Bf4 Bd7 12. Qd3 dxc3 13. h4 Ng6 14. Bg3
O-O-O 15. h5 Ngxe5 16. Qxc3 f6 17. Rd1 Rg5 18. Nf4 d4 19. Qd2 Rh8 20. Be2 Rg7
21. Nd3 Nxd3+ 22. Qxd3 Qa5+ 23. Kf1 e5 24. Rb1 a6 25. Bf3 Qc5 26. Rb3 Be6 27.
Be2 Bxb3 28. Qxb3 Re7 29. Bh4 Qd6 30. Rh3 Kc7 31. Rg3 Rh6 32. Rg8 Qe6 33. Bc4
Qd7 34. Qf3 b5 35. Bd5 Nd8 36. Bxf6 Rhh7 1/2-1/2

[Event "Open de Provence 2015 A"]
[Site "Salon de Provence"]
[Date "2015.07.04"]
[Round "3.4"]
[White "Dudognon, Thibault"]
[Black "Faure, Alexandre"]
[Result "1-0"]
[WhiteElo "2164"]
[BlackElo "2006"]
[PlyCount "113"]
[EventDate "2015.??.??"]

1. e4 e6 2. d4 d5 3. e5 c5 4. c3 Qb6 5. Nf3 Nc6 6. a3 Nh6 7. b4 cxd4 8. cxd4
Nf5 9. Bb2 Bd7 10. g4 Nfe7 11. Nc3 Ng6 12. Qd2 Be7 13. Na4 Qd8 14. Nc5 b6 15.
Nxd7 Qxd7 16. Rc1 O-O 17. Qc3 Nd8 18. h4 f6 19. h5 Nh8 20. Qc7 Qxc7 21. Rxc7
Rf7 22. Ke2 fxe5 23. dxe5 Bf8 24. Rc2 Rd7 25. Nd4 Nhf7 26. f4 Rb8 27. Bh3 Rbb7
28. Rhc1 a5 29. b5 g5 30. hxg6 hxg6 31. g5 Re7 32. a4 Kg7 33. Ba3 Re8 34. Bxf8+
Kxf8 35. Rc7 Re7 36. Rxb7 Rxb7 37. Nxe6+ Nxe6 38. Bxe6 Re7 39. Bxf7 Kxf7 40.
Rc6 Re6 41. Rxe6 Kxe6 42. Ke3 Ke7 43. Kf3 Kf7 44. Kg3 Ke7 45. Kh4 Kf7 46. Kg3
Ke7 47. Kh3 Kf7 48. Kh4 Ke7 49. f5 gxf5 50. g6 d4 51. Kg5 d3 52. g7 Kf7 53. Kh6
d2 54. e6+ Ke7 55. g8=Q d1=Q 56. Qf7+ Kd8 57. e7+ 1-0

[Event "Open de Provence 2015 A"]
[Site "Salon de Provence"]
[Date "2015.07.04"]
[Round "3.5"]
[White "Kolb, Sebastien"]
[Black "Derige Kane, Yan"]
[Result "1-0"]
[WhiteElo "2077"]
[BlackElo "1940"]
[PlyCount "109"]
[EventDate "2015.??.??"]

1. e4 e5 2. Nf3 Nc6 3. d4 exd4 4. Nxd4 Qh4 5. Nc3 Bb4 6. Ndb5 Ba5 7. Be2 a6 8.
Nd4 Qxe4 9. Be3 Nf6 10. O-O Bxc3 11. bxc3 O-O 12. Bd3 Qe5 13. Re1 Qa5 14. Nf5
d6 15. g4 Bxf5 16. Bxf5 Rfe8 17. Qf3 Ne7 18. Bd3 Ng6 19. Bd4 Qg5 20. Bxf6 Qxf6
21. Qxf6 gxf6 22. Rxe8+ Rxe8 23. Rb1 b5 24. c4 c6 25. a4 bxa4 26. Ra1 Rb8 27.
Rxa4 Rb6 28. c5 dxc5 29. Rxa6 Rxa6 30. Bxa6 Ne5 31. h3 Kf8 32. Kg2 Ke7 33. Kg3
Ng6 34. f4 Nf8 35. Bd3 Ng6 36. Be4 Kd6 37. c4 Kc7 38. h4 Kb6 39. h5 Nf8 40. g5
fxg5 41. fxg5 Kc7 42. Kg4 Kd6 43. Kf5 Nd7 44. Kf4 Nf8 45. Bf5 Ke7 46. Ke5 Kd8
47. Kd6 Ke8 48. Kxc6 Ke7 49. Kxc5 f6 50. g6 hxg6 51. hxg6 Ne6+ 52. Bxe6 Kxe6
53. Kd4 f5 54. c5 Kf6 55. c6 1-0

[Event "Open de Provence 2015 A"]
[Site "Salon de Provence"]
[Date "2015.07.04"]
[Round "3.6"]
[White "Baroyan, Davit"]
[Black "Rayne, Remy"]
[Result "0-1"]
[WhiteElo "1978"]
[BlackElo "2181"]
[PlyCount "50"]
[EventDate "2015.??.??"]

1. e4 c6 2. d4 d5 3. e5 c5 4. c3 Nc6 5. Nf3 Bg4 6. Nbd2 e6 7. Nb3 cxd4 8. cxd4
Bb4+ 9. Bd2 Qb6 10. Bxb4 Qxb4+ 11. Qd2 Bxf3 12. gxf3 Qxd2+ 13. Kxd2 Nge7 14.
Bd3 O-O 15. a3 a5 16. Ke3 f5 17. Nc5 f4+ 18. Kd2 Nxd4 19. Kc3 Nxf3 20. Nxe6
Rfc8+ 21. Kb3 Nxe5 22. Bb5 N7c6 23. Nxf4 Nd4+ 24. Ka4 Nc4 25. Bxc4 Rxc4+ 0-1

[Event "Open de Provence 2015 A"]
[Site "Salon de Provence"]
[Date "2015.07.04"]
[Round "3.7"]
[White "Escafre, Stephane"]
[Black "Jeanjean, Dominique"]
[Result "0-1"]
[WhiteElo "1795"]
[BlackElo "2077"]
[PlyCount "140"]
[EventDate "2015.??.??"]

1. e4 e5 2. Nf3 Nc6 3. d4 exd4 4. Nxd4 Nf6 5. Nxc6 bxc6 6. Bd3 d5 7. e5 Ng4 8.
Bf4 Bc5 9. O-O O-O 10. h3 Nxf2 11. Rxf2 Bxf2+ 12. Kxf2 Qh4+ 13. g3 Qxh3 14. Qf3
Qh2+ 15. Qg2 Qxg2+ 16. Kxg2 c5 17. c3 c4 18. Bc2 Bb7 19. Kf2 f6 20. e6 Rfe8 21.
Bxc7 Rxe6 22. Bf5 Rc6 23. Bf4 g6 24. Bc2 Re6 25. Ba4 Bc6 26. Bxc6 Rxc6 27. Nd2
Re8 28. Nf3 g5 29. Bd2 Rb6 30. Rb1 Ra6 31. Ra1 Rb8 32. Bc1 Kf7 33. Nd4 h5 34.
a3 Kg6 35. b4 cxb3 36. Rb1 Rab6 37. Bb2 Re8 38. Rd1 Re4 39. Rd2 f5 40. Ne2 Rbe6
41. Nd4 Rf6 42. Ne2 Rd6 43. Nd4 f4 44. Nxb3 fxg3+ 45. Kxg3 h4+ 46. Kg2 g4 47.
Nc5 Rc4 48. Nd3 Re6 49. Rf2 Re3 50. Nf4+ Kg5 51. Nxd5 Re1 52. Rc2 g3 53. Bc1+
Kg6 54. Nf4+ Kf5 55. Bd2 Re8 56. Kf3 Rg8 57. Ng2 Ra4 58. Rb2 h3 59. Ne3+ Kf6
60. Be1 g2 61. Rxg2 hxg2 62. Nxg2 Rxa3 63. Ne3 Ra1 64. Bf2 a6 65. Ke4 Ke6 66.
Kd4 Rc8 67. c4 Ra2 68. Bg3 Ra3 69. Bf4 Rh8 70. c5 Ra4+ 0-1

[Event "Open de Provence 2015 A"]
[Site "Salon de Provence"]
[Date "2015.07.04"]
[Round "3.8"]
[White "Busson, Benoist"]
[Black "Salvi, Michel"]
[Result "1-0"]
[WhiteElo "1940"]
[BlackElo "1771"]
[PlyCount "109"]
[EventDate "2015.??.??"]

1. e4 c5 2. Nf3 d6 3. c3 Nf6 4. h3 Nc6 5. Bd3 e5 6. O-O Be7 7. Re1 d5 8. Bb5
Nxe4 9. d3 Nd6 10. Bxc6+ bxc6 11. Nxe5 Qc7 12. Qa4 O-O 13. Qxc6 Qxc6 14. Nxc6
Bf6 15. Bf4 Nf5 16. Na3 Bd7 17. Ne5 Be6 18. Nf3 h6 19. g4 Nh4 20. Nxh4 Bxh4 21.
Re2 a6 22. Nc2 Rfd8 23. d4 Be7 24. Bg3 Bf8 25. Kg2 a5 26. dxc5 Bxc5 27. Nd4 Bc8
28. Nc6 Rd7 29. Re8+ Kh7 30. Nxa5 Bb6 31. Nc6 d4 32. Ne5 Bb7+ 33. Kh2 dxc3 34.
Nxd7 cxb2 35. Rb1 Bd4 36. Rxa8 Bxa8 37. Be5 Be4 38. Rxb2 Bxb2 39. Bxb2 f6 40.
Kg3 Kg6 41. Nc5 Bc6 42. a4 Kf7 43. a5 g6 44. f4 f5 45. Nd3 Bb5 46. Ne5+ Kf6 47.
Nf3+ Kf7 48. Nd4 Bc4 49. gxf5 gxf5 50. Nxf5 Kg6 51. Nd6 Ba6 52. f5+ Kh7 53. Kf4
Kg8 54. Ke5 Kf8 55. Kf6 1-0

[Event "Open de Provence 2015 A"]
[Site "Salon de Provence"]
[Date "2015.07.04"]
[Round "3.9"]
[White "Colandrea, Sauveur"]
[Black "Rihouey, Franck"]
[Result "1/2-1/2"]
[WhiteElo "1765"]
[BlackElo "1862"]
[PlyCount "77"]
[EventDate "2015.??.??"]

1. e4 d5 2. exd5 Qxd5 3. Nc3 Qd6 4. d4 Nf6 5. Nf3 a6 6. Be2 Bf5 7. O-O Nc6 8.
h3 O-O-O 9. Be3 h6 10. a3 g5 11. b4 e5 12. b5 axb5 13. Nxb5 Qe6 14. c4 exd4 15.
Qa4 dxe3 16. Qa8+ Kd7 17. Qxb7 Ne8 18. Rad1+ Ke7 19. Nxc7 Nxc7 20. Rxd8 exf2+
21. Kh1 Nxd8 22. Qxc7+ Ke8 23. Nd4 Qe3 24. c5 Qxd4 25. Bb5+ Bd7 26. Bxd7+ Qxd7
27. Qe5+ Qe6 28. Qxh8 Qe1 29. Qa1 Qxa1 30. Rxa1 Bxc5 31. a4 Nc6 32. g3 Nd4 33.
Kg2 Nb3 34. Ra2 Kd7 35. Rb2 Nc1 36. a5 Kc6 37. Rc2 Nd3 38. Rc3 Nb4 39. Rf3
1/2-1/2

[Event "Open de Provence 2015 A"]
[Site "Salon de Provence"]
[Date "2015.07.04"]
[Round "3.11"]
[White "Derien, Robert"]
[Black "Maccagnan, Tomas"]
[Result "0-1"]
[WhiteElo "1626"]
[BlackElo "1822"]
[PlyCount "60"]
[EventDate "2015.??.??"]

1. e4 e6 2. d4 d5 3. Nd2 Nf6 4. e5 Nfd7 5. Nb3 c5 6. c3 Nc6 7. Nf3 c4 8. Nbd2
b5 9. b4 a5 10. a3 axb4 11. cxb4 Bxb4 12. Bb2 Be7 13. Be2 Nb6 14. Qc2 Na4 15.
O-O Qa5 16. Rfc1 Bd7 17. Nb1 Nxb2 18. Qxb2 O-O 19. Nc3 Rfb8 20. Qd2 Qb6 21.
Rcb1 Na5 22. Bd1 Qd8 23. Rb2 b4 24. axb4 Nb3 25. Bxb3 Rxa1+ 26. Bd1 Bxb4 27.
Ne1 Bxc3 28. Rxb8 Qxb8 29. Qxc3 Rxd1 30. Kf1 Qb3 0-1

[Event "Open de Provence 2015 A"]
[Site "Salon de Provence"]
[Date "2015.07.04"]
[Round "3.12"]
[White "Piat, Jean-Pascal"]
[Black "Jullien, Patrick"]
[Result "0-1"]
[WhiteElo "1815"]
[BlackElo "1553"]
[PlyCount "55"]
[EventDate "2015.??.??"]

1. d4 c5 2. d5 Nf6 3. c4 e6 4. Nc3 exd5 5. cxd5 d6 6. h3 g6 7. Nf3 a6 8. a4 Bg7
9. Bd2 O-O 10. g4 Re8 11. Qc1 Nbd7 12. Bg2 Ne4 13. Nxe4 Rxe4 14. Ng5 Re8 15.
O-O Nf6 16. Qc4 h6 17. Ne4 Nxe4 18. Bxe4 Qh4 19. Qd3 h5 20. Bg2 hxg4 21. hxg4
Qxg4 22. e4 Bd4 23. Bc3 Bxc3 24. bxc3 Bd7 25. c4 Re5 26. f4 Rh5 27. Ra3 Qh4 28.
Qh3 0-1

[Event "Open de Provence 2015 A"]
[Site "Salon de Provence"]
[Date "2015.07.04"]
[Round "3.13"]
[White "Dhamelincourt, Thomas"]
[Black "Gomez, Jose"]
[Result "0-1"]
[WhiteElo "1550"]
[BlackElo "1967"]
[PlyCount "57"]
[EventDate "2015.??.??"]

1. d4 e6 2. e4 d5 3. Nc3 Nf6 4. Bg5 Be7 5. e5 Nfd7 6. Bxe7 Qxe7 7. Bd3 O-O 8.
Nf3 c5 9. dxc5 Nc6 10. h4 f6 11. exf6 Qxf6 12. Qd2 Nxc5 13. O-O-O Qf4 14. Bb5
Bd7 15. Ne2 Qxd2+ 16. Nxd2 Rxf2 17. g4 Raf8 18. Rdf1 e5 19. g5 a6 20. Bxc6 Bxc6
21. Ng3 Ne6 22. Rxf2 Rxf2 23. Rf1 Rxf1+ 24. Ngxf1 Kf7 25. Ne3 Nf4 26. Kd1 Bd7
27. h5 Be6 28. a4 Nh3 29. Nf5 0-1

[Event "Open de Provence 2015 A"]
[Site "Salon de Provence"]
[Date "2015.07.04"]
[Round "3.15"]
[White "Bacquer, Marc"]
[Black "Catot"]
[Result "1-0"]
[WhiteElo "1781"]
[BlackElo "1601"]
[PlyCount "125"]
[EventDate "2015.??.??"]

1. d4 Nf6 2. Bg5 e6 3. e3 c5 4. c3 Qb6 5. Qc1 Ne4 6. Bf4 g5 7. Be5 f6 8. Bxb8
Rxb8 9. Bd3 Nd6 10. Nd2 Qc7 11. Qd1 Bg7 12. Qh5+ Nf7 13. Rd1 cxd4 14. exd4 b6
15. h4 Ke7 16. Ngf3 Bb7 17. hxg5 fxg5 18. Nxg5 Nxg5 19. Qxg5+ Bf6 20. Qg3 Qxg3
21. fxg3 h6 22. Kf2 Rbf8 23. Nf3 Bd5 24. Ke2 Rfg8 25. Rh3 Rg7 26. Kf2 Rhg8 27.
Re1 Kd8 28. Be4 Bc4 29. b3 Ba6 30. Re3 Be7 31. Bd3 Bb7 32. Be4 Ba6 33. c4 Bd6
34. Ne5 Bxe5 35. dxe5 Rg5 36. Bf3 Kc7 37. g4 Rf8 38. Rxh6 Rxg4 39. Rh7 Rg5 40.
Rd3 Bc8 41. Ke2 Rxe5+ 42. Re3 Kd6 43. Rh4 Rxe3+ 44. Kxe3 Rf5 45. Rh8 Kc7 46.
Rg8 Re5+ 47. Kd2 Rf5 48. Ke3 Re5+ 49. Kf4 Re1 50. g4 Ra1 51. g5 Rxa2 52. g6 Rf2
53. Kg3 Rb2 54. g7 Bb7 55. Bxb7 Kxb7 56. Rb8+ Kxb8 57. g8=Q+ Kc7 58. Qa8 Rxb3+
59. Kf4 Ra3 60. Ke4 Ra5 61. Qe8 Rc5 62. Kd4 a5 63. Qa8 1-0

[Event "Open de Provence 2015 A"]
[Site "Salon de Provence"]
[Date "2015.07.04"]
[Round "3.16"]
[White "Sanchez, Frederic"]
[Black "Fournier, Alain"]
[Result "1-0"]
[WhiteElo "1738"]
[BlackElo "1589"]
[PlyCount "59"]
[EventDate "2015.??.??"]

1. d4 {[%emt 0:00:00]} Nf6 2. c4 d6 3. Nf3 Nbd7 4. g3 e5 5. dxe5 dxe5 6. Bg2
Bc5 7. O-O O-O 8. Nc3 c6 9. e3 Qc7 10. b3 e4 11. Nd2 Qe5 12. Bb2 Bb4 13. Qc2
Qh5 14. Ncxe4 Bxd2 15. Nxf6+ Nxf6 16. Qxd2 Bf5 17. Bxf6 gxf6 18. Qd4 Qg6 19.
Qf4 Rfd8 20. Rad1 Bc2 21. Rxd8+ Rxd8 22. Qc7 Rd2 23. Qxb7 Bd3 24. Re1 Qf5 25.
Qb8+ Kg7 26. Qf4 Qa5 27. e4 Qxa2 28. e5 fxe5 29. Qxe5+ Kf8 30. Qh8# 1-0

[Event "Open de Provence 2015 A"]
[Site "Salon de Provence"]
[Date "2015.07.04"]
[Round "3.17"]
[White "Morris, Keith"]
[Black "Porte, Jacques"]
[Result "0-1"]
[WhiteElo "1715"]
[BlackElo "1446"]
[PlyCount "29"]
[EventDate "2015.??.??"]

1. e4 c5 2. Nf3 Nc6 3. d4 cxd4 4. Nxd4 Nf6 5. Nc3 e6 6. Nxc6 bxc6 7. Be2 Be7 8.
O-O O-O 9. e5 Nd5 10. Nxd5 cxd5 11. b3 d6 12. f4 dxe5 13. fxe5 Bc5+ 14. Kh1 Bb7
15. Bf3 0-1

[Event "Open de Provence 2015 A"]
[Site "Salon de Provence"]
[Date "2015.07.04"]
[Round "4.1"]
[White "Midoux, Sebastien"]
[Black "Petrossian, Armen"]
[Result "1-0"]
[WhiteElo "2316"]
[BlackElo "2419"]
[PlyCount "109"]
[EventDate "2015.??.??"]

1. Nf3 d5 2. c4 d4 3. b4 Nf6 4. Bb2 c5 5. e3 dxe3 6. fxe3 cxb4 7. d4 Bg4 8. Be2
e6 9. O-O Be7 10. Nbd2 Nc6 11. Kh1 O-O 12. Ng5 Bxe2 13. Qxe2 h6 14. Ngf3 Nh7
15. e4 Bf6 16. e5 Be7 17. Ne4 Na5 18. Rad1 Qc7 19. c5 Qc6 20. d5 exd5 21. Nd4
Qe8 22. Nd6 Bxd6 23. cxd6 Nc6 24. Nb3 Ng5 25. Rxd5 Qe6 26. Qd3 b6 27. d7 Qg4
28. Rd6 Nd8 29. Rd4 Qh5 30. Rxb4 Nge6 31. Rc4 Nb7 32. Ba3 Rfd8 33. Be7 Qxe5 34.
Bxd8 Rxd8 35. Rc8 Nd6 36. Rxd8+ Nxd8 37. Rd1 Ne4 38. Qd4 Qxd4 39. Rxd4 Nf6 40.
Ra4 a5 41. Rd4 Kf8 42. Rd6 a4 43. Nd4 Ne4 44. Rxb6 g6 45. Nc6 Nxc6 46. Rxc6 Ke7
47. Rc4 Nd6 48. Rxa4 Kxd7 49. Kg1 Ke6 50. Kf2 f5 51. Ra8 Kd5 52. a4 f4 53. Kf3
g5 54. Rd8 Kc6 55. Rxd6+ 1-0

[Event "Open de Provence 2015 A"]
[Site "Salon de Provence"]
[Date "2015.07.04"]
[Round "4.2"]
[White "Benavides, Jeremy"]
[Black "Dudognon, Thibault"]
[Result "0-1"]
[WhiteElo "1868"]
[BlackElo "2164"]
[PlyCount "40"]
[EventDate "2015.??.??"]

1. e4 c6 2. d4 d5 3. e5 Bf5 4. Nc3 e6 5. g4 Bg6 6. Nge2 c5 7. Nf4 Nc6 8. Bb5
Qc7 9. Be3 cxd4 10. Qxd4 Nge7 11. O-O-O O-O-O 12. Qa4 a6 13. Bxc6 Qxc6 14. Qb3
d4 15. Na4 b5 16. Nb6+ Qxb6 17. Rxd4 Rxd4 18. Qc3+ Qc6 19. Bxd4 Qxc3 20. Bxc3
Be4 0-1

[Event "Open de Provence 2015 A"]
[Site "Salon de Provence"]
[Date "2015.07.04"]
[Round "4.3"]
[White "Barret, Simon"]
[Black "Kolb, Sebastien"]
[Result "1-0"]
[WhiteElo "2161"]
[BlackElo "2077"]
[PlyCount "73"]
[EventDate "2015.??.??"]

1. d4 d5 2. e4 dxe4 3. Nc3 Nf6 4. f3 exf3 5. Nxf3 Bf5 6. Ne5 e6 7. g4 Bg6 8.
Bg2 c6 9. h4 Bb4 10. Bg5 Qa5 11. O-O Bxc3 12. bxc3 Qxc3 13. Rf3 Qxc2 14. Qxc2
Bxc2 15. Bxf6 gxf6 16. Rxf6 Nd7 17. Nxd7 Kxd7 18. Rxf7+ Kd6 19. Rc1 Bg6 20.
Rxb7 Be8 21. Rc5 Bd7 22. Rxd7+ Kxd7 23. Bxc6+ Kd6 24. Bxa8 Rxa8 25. Kf2 Rf8+
26. Ke3 Rf1 27. Rh5 Re1+ 28. Kf4 Rd1 29. Rxh7 Rxd4+ 30. Kg5 Ra4 31. h5 Rxa2 32.
h6 a5 33. Ra7 a4 34. Kg6 Rb2 35. h7 Rb8 36. Kg7 Rb4 37. g5 1-0

[Event "Open de Provence 2015 A"]
[Site "Salon de Provence"]
[Date "2015.07.04"]
[Round "4.4"]
[White "Merenciano, Alexandre"]
[Black "Busson, Benoist"]
[Result "1/2-1/2"]
[WhiteElo "2188"]
[BlackElo "1940"]
[PlyCount "71"]
[EventDate "2015.??.??"]

1. e4 d5 2. exd5 Qxd5 3. Nc3 Qd8 4. d4 Nf6 5. Bc4 a6 6. a4 Nc6 7. Nge2 e5 8.
Be3 Bf5 9. Bb3 exd4 10. Nxd4 Nxd4 11. Bxd4 Bb4 12. Qe2+ Qe7 13. Qxe7+ Bxe7 14.
O-O-O O-O 15. Rhe1 Bd6 16. Bxf6 gxf6 17. g4 Bg6 18. Nd5 Kg7 19. f4 f5 20. gxf5
Bxf5 21. Kb1 Kh8 22. Ne7 Bg4 23. Rd3 Be6 24. f5 Bxb3 25. Rxb3 f6 26. Rh3 Rf7
27. Nd5 Rg8 28. Re6 Be5 29. Rh6 Rg1+ 30. Ka2 Kg7 31. Rh4 Rd7 32. Ne3 Rg5 33.
Re4 Kf7 34. Ng4 Rxf5 35. R6xe5 fxe5 36. Nxe5+ 1/2-1/2

[Event "Open de Provence 2015 A"]
[Site "Salon de Provence"]
[Date "2015.07.04"]
[Round "4.5"]
[White "Rayne, Remy"]
[Black "Joubert, Leo"]
[Result "1/2-1/2"]
[WhiteElo "2181"]
[BlackElo "1843"]
[PlyCount "58"]
[EventDate "2015.??.??"]

1. d4 Nf6 2. c4 c5 3. e3 e6 4. Nf3 Be7 5. Be2 O-O 6. O-O b6 7. Nc3 Bb7 8. a4 d6
9. b3 Nbd7 10. Bb2 e5 11. d5 Ne8 12. e4 g6 13. Ne1 Ng7 14. Bc1 Bg5 15. Bxg5
Qxg5 16. Qc1 Qxc1 17. Rxc1 f5 18. Nc2 f4 19. Bg4 Nf6 20. Be6+ Nxe6 21. dxe6 Ne8
22. Nd5 Bc8 23. e7 Rf7 24. Na3 Be6 25. Rfd1 Bxd5 26. Rxd5 Rxe7 27. f3 Rd7 28.
Rcd1 Rad8 29. Nb5 Kf8 1/2-1/2

[Event "Open de Provence 2015 A"]
[Site "Salon de Provence"]
[Date "2015.07.04"]
[Round "4.6"]
[White "Maccagnan, Tomas"]
[Black "Chauvet, Vincent"]
[Result "1/2-1/2"]
[WhiteElo "1822"]
[BlackElo "2146"]
[PlyCount "48"]
[EventDate "2015.??.??"]

1. e4 e5 2. Nf3 Nc6 3. Bb5 a6 4. Ba4 Nge7 5. O-O g6 6. d4 exd4 7. Nxd4 Bg7 8.
c3 O-O 9. Bg5 Na5 10. Nd2 b5 11. Bc2 Bb7 12. Re1 f6 13. Bh4 Kh8 14. N2b3 Nxb3
15. Nxb3 Bc8 16. Qe2 d6 17. Rad1 Qe8 18. Nd2 Nc6 19. Nf3 Rb8 20. Bb3 Ne5 21.
Nxe5 dxe5 22. Rd3 c5 23. Rd6 c4 24. Bc2 Bb7 1/2-1/2

[Event "Open de Provence 2015 A"]
[Site "Salon de Provence"]
[Date "2015.07.04"]
[Round "4.7"]
[White "Jeanjean, Dominique"]
[Black "Jullien, Patrick"]
[Result "1-0"]
[WhiteElo "2077"]
[BlackElo "1553"]
[PlyCount "47"]
[EventDate "2015.??.??"]

1. e4 e5 2. Nf3 Nc6 3. Bb5 a6 4. Ba4 Nf6 5. O-O Be7 6. Re1 b5 7. Bb3 O-O 8. a4
Bb7 9. c3 d6 10. d4 Re8 11. Ng5 Rf8 12. Nf3 Re8 13. axb5 axb5 14. Rxa8 Qxa8 15.
Na3 Qa6 16. Ng5 Rf8 17. f4 Ba8 18. Nxf7 Rxf7 19. Bxf7+ Kxf7 20. Qb3+ Kf8 21.
fxe5 dxe5 22. Qe6 Bd6 23. Rf1 exd4 24. Rxf6+ 1-0

[Event "Open de Provence 2015 A"]
[Site "Salon de Provence"]
[Date "2015.07.04"]
[Round "4.8"]
[White "Faure, Alexandre"]
[Black "Colandrea, Sauveur"]
[Result "1/2-1/2"]
[WhiteElo "2006"]
[BlackElo "1765"]
[PlyCount "46"]
[EventDate "2015.??.??"]

1. e4 d6 2. d4 Nf6 3. Nc3 e5 4. dxe5 dxe5 5. Qxd8+ Kxd8 6. Nf3 Bd6 7. Bc4 Ke7
8. Bg5 c6 9. h3 Be6 10. Bxe6 fxe6 11. O-O-O Nbd7 12. a3 Rhd8 13. Be3 b5 14. Rd3
Nb6 15. Nd2 Kf7 16. Rd1 Bc7 17. Rxd8 Rxd8 18. Nb3 Nc8 19. Rxd8 Bxd8 20. f3 Bb6
21. Kd2 Nd6 22. Bxb6 axb6 23. Nd1 Nh5 1/2-1/2